000 01182nam a2200253Ia 4500
003 Ost
005 20260507074927.0
008 260507s9999||||xx |||||||||||||| ||und||
020 _a9957116916
040 _cfsecg
041 _aara
082 _a331.11
100 _aالقريشي، مدحت
_eمؤلف
245 0 _aاقتصاديات العمل /
_c مدحت القريشي
260 _aعمان:
_bدار وائل,
_c2007
300 _a256 صفحة؛
_bإيضاحات ؛
_c25 سم
504 _aببليوغرافيا: ص.250
520 _aمقدمة عامة ومفاهيم اساسية، الطلب على العمل، مرونة الطلب على العمل والعوامل المؤثرة فيها، عرض العمل، التوازن في سوق العمل، حركة العمل، النقابات العمالية ونظام التفاوض الجماعي، الاستثمار في رأس المال البشري، البطالة، الملامح الأساسية لقانون العمل الأردني
653 _aالاستثمار
653 _aالأسواق
653 _aالقوى العاملة
653 _aرأس المال
942 _cكتاب
999 _c41836
_d41836